00864 a2200229 45000010006000000050017000060080041000230030015000640400040000790800039001192450083001580200022002412500011002632640034002743000018003080410008003261000028003347000037003627000031003997000032004308560172004621253220260407155440.0260407a2008 arg spa dAR-UNSa-BCEJYS aAR-UNSa-BCEJYSbspacAR-UNSa-BCEJYS a347.7(094.4)xCódigo de Comercio10aCódigo de Comercio de la República Argentinapversión universitaria 2008 a978-987-01-0757-6 a4a. ed 1aBuenos Aires :bErreparc2008 a435 p.c17 cm aspa1 aParada, Ricardo Antonio1 aArgentina [Código de Comercio]1 aErrecaborde, José Daniel1 aCañada, Francisco Roberto41uhttps://biblioeco.unsa.edu.ar/pmb/images/libros/C?digo de Comercio de la Rep?blica Argentina Argentina (C?digo de Comercio) (2008)2.jpgyImagen de portadaqimage/jpeg